| 000 | 00976nas a2200301 4500 | ||
|---|---|---|---|
| 001 | BR8601744 | ||
| 003 | BR-BrBNA | ||
| 005 | 20231205090422.0 | ||
| 007 | ta | ||
| 008 | 230509b bl.|||p| |||| 00| 00por d | ||
| 040 |
_aBR-BrBNA _bpor _cBiblioteca Nacional de Agricultura |
||
| 041 | _a(Pt) | ||
| 072 | _aL74 | ||
| 100 | 1 | _aNazario, W. | |
| 100 | 1 | _aCapellaro, C.E.M.P. dal M. | |
| 100 | 1 | _aCampedelli Filho, O. | |
| 100 | 1 | _aOliveira, A.R. | |
| 100 | 1 | _aPiorum, M. de L. | |
| 245 | 1 | _aIntoxicacao cronica em bovinos pelo DDT por contaminacao intencional em pastagem | |
| 246 | 1 | _aThe occurrence of intoxication in the bovine caused by inadequate use of DDT | |
| 650 | _aBOVINO | ||
| 650 | _aINTOXICACAO ANIMAL | ||
| 650 | _aPASTAGEM | ||
| 650 | _aINSETICIDA | ||
| 773 | 0 |
_tRevista Brasileira de Medicina Veterinaria (Brazil) _xISSN 0100-2430 _g(Jan-Feb 1986), v. 8(1) p. 3-6 _wBR8601744 |
|
| 909 |
_a202311 _bLúcia _c55 _dLúcia Elande |
||
| 942 |
_2AGRIS _n0 _cANA |
||
| 999 |
_c118285 _d118285 |
||